Postup obce po podaní odvolania
Podanie odvolania daňovým subjektom je jeho podstatným právnym úkonom, nakoľko sa ním zabezpečuje preskúmanie prvostupňového rozhodnutia vydaného obcou. V súlade s platnou právnou úpravou je obec správcom dane a má aj rozhodovaciu právomoc. V článku sa dozviete, ako má obec postupovať v prípade poda...
Salvato in:
| Autore principale: | |
|---|---|
| Natura: | Capitolo di libro |
| Lingua: | slovacco |
| Soggetti: | |
| Tags: |
Nessun Tag, puoi essere il primo ad aggiungerne!!
|
MARC
| LEADER | 00000naa a2200000 4500 | ||
|---|---|---|---|
| 001 | 0300411 | ||
| 005 | 20240521105626.1 | ||
| 041 | 0 | |a slo | |
| 044 | |a SK | ||
| 245 | 1 | 0 | |a Postup obce po podaní odvolania |c Ladislav Hrtánek |
| 520 | |a Podanie odvolania daňovým subjektom je jeho podstatným právnym úkonom, nakoľko sa ním zabezpečuje preskúmanie prvostupňového rozhodnutia vydaného obcou. V súlade s platnou právnou úpravou je obec správcom dane a má aj rozhodovaciu právomoc. V článku sa dozviete, ako má obec postupovať v prípade podaného odvolania daňovým subjektom. | ||
| 610 | 2 | 0 | |a odvolanie |
| 610 | 2 | 0 | |a zákony |
| 610 | 2 | 0 | |a subjekty daňové |
| 610 | 2 | 0 | |a obce |
| 610 | 2 | 0 | |a právomoc |
| 610 | 2 | 0 | |a rozhodovanie |
| 100 | 1 | |a Hrtánek, Ladislav | |